El manual del ayuntamiento: Guía de consulta, respalda sobre vida y gobierno municipales basada en la legislación municipal, manual del usuario / Comisión Presidencial para la Reforma y Modernización del Estado (Registro nro. 6239)

Detalles MARC
000 -LEADER
fixed length control field 00758nam a22001811a 4500
001 - CONTROL NUMBER
control field 6239
003 - CONTROL NUMBER IDENTIFIER
control field OSt
005 - DATE AND TIME OF LATEST TRANSACTION
control field 20260204212044.0
008 - FIXED-LENGTH DATA ELEMENTS--GENERAL INFORMATION
fixed length control field 060317s200?||||dr ||||||b||||||||||spa||
050 ## - LIBRARY OF CONGRESS CALL NUMBER
Classification number RD 321.04 C135m
110 ## - ASIENTO PRINCIPAL -- NOMBRE CORPORATIVO
Corporate name or jurisdiction name as entry element Comisión Presidencial para la Reforma y Modernización del Estado
245 ## - TÍTULO PROPIAMENTE DICHO: SUBTÍTULO
Title El manual del ayuntamiento: Guía de consulta, respalda sobre vida y gobierno municipales basada en la legislación municipal, manual del usuario / Comisión Presidencial para la Reforma y Modernización del Estado
264 ## - PRODUCTION, PUBLICATION, DISTRIBUTION, MANUFACTURE, AND COPYRIGHT NOTICE
Place of production, publication, distribution, manufacture Santo Domingo : Comisión Presidencial para la Reforma y Modernización del Estado
300 ## - PHYSICAL DESCRIPTION
Extensión 18 p
490 ## - MENCIÓN DE SERIE
Series statement Cuadernos municipales No.1
650 ## - ASIENTO SECUNDARIO DE MATERIA -- TERMINO TEMÁTICO
Termino Temático Como Elemento de Entrada 1.Gobiernos Municipales 2.AyuntamientoÌ
942 ## - ADDED ENTRY ELEMENTS (KOHA)
Source of classification or shelving scheme Dewey Decimal Classification
Koha item type Libros
Existencias
Withdrawn status Lost status Source of classification or shelving scheme Damaged status Not for loan Current library Date acquired Total Checkouts Full call number Barcode Date last seen Price effective from Koha item type
    Dewey Decimal Classification     Biblioteca UTECO 09/09/2019   RD 321.04 C135M 011144 09/09/2019 09/09/2019 Libros
© 2021 Derechos Reservados UTECO - Teléfono: +1 809-585-2291 - Correo electrónico: biblioteca@uteco.edu.do​  
Código postal 43000 ​​
Dirección: Avenida Universitaria No. 100, 
Cotuí, Provincia Sánchez Ramírez, República Dominicana - RNC: 404-00059-6